<?xml version="1.0" encoding="UTF-8"?>
<record
    xmlns:xsi="http://www.w3.org/2001/XMLSchema-instance"
    xsi:schemaLocation="http://www.loc.gov/MARC21/slim http://www.loc.gov/standards/marcxml/schema/MARC21slim.xsd"
    xmlns="http://www.loc.gov/MARC21/slim">

  <leader>00638nam a22001337a 4500</leader>
  <datafield tag="040" ind1=" " ind2=" ">
    <subfield code="c">RUA</subfield>
  </datafield>
  <datafield tag="082" ind1=" " ind2=" ">
    <subfield code="a">VEM PAK 2015 B481 Or.1</subfield>
  </datafield>
  <datafield tag="100" ind1=" " ind2=" ">
    <subfield code="a">PAK SOMNANG; &#x1794;&#x17C9;&#x17B6;&#x1780; &#x179F;&#x17C6;&#x178E;&#x17B6;&#x1784;</subfield>
  </datafield>
  <datafield tag="245" ind1=" " ind2=" ">
    <subfield code="a">Study on cattle's endoparasites in kong pisei district, kampong spue province, &#x1780;&#x17B6;&#x179A;&#x179F;&#x17B7;&#x1780;&#x17D2;&#x179F;&#x17B6;&#x1796;&#x17B8;&#x179C;&#x178F;&#x17D2;&#x178F;&#x1798;&#x17B6;&#x1793;&#x1794;&#x179A;&#x17B6;&#x179F;&#x17B7;&#x178F;&#x1781;&#x17B6;&#x1784;&#x1780;&#x17D2;&#x1793;&#x17BB;&#x1784; &#x1793;&#x17C5;&#x179F;&#x17D2;&#x179A;&#x17BB;&#x1780;&#x1782;&#x1784;&#x1796;&#x17B7;&#x179F;&#x17B8; &#x1781;&#x17C1;&#x178F;&#x17D2;&#x178F;&#x1780;&#x17C6;&#x1796;&#x1784;&#x17CB;&#x179F;&#x17D2;&#x1796;&#x17BA;</subfield>
  </datafield>
  <datafield tag="260" ind1=" " ind2=" ">
    <subfield code="a">Phnom Penh</subfield>
    <subfield code="b">RUA</subfield>
    <subfield code="c">2015</subfield>
  </datafield>
  <datafield tag="300" ind1=" " ind2=" ">
    <subfield code="a">x,44p.</subfield>
    <subfield code="b">ill.</subfield>
    <subfield code="c">29cm.</subfield>
  </datafield>
  <datafield tag="856" ind1=" " ind2=" ">
    <subfield code="u">https://drive.google.com/file/d/1SI16C0oAZCcy_mlJBfQsTKQH-NIxBH0n/view?usp=sharing</subfield>
  </datafield>
  <datafield tag="942" ind1=" " ind2=" ">
    <subfield code="c">VEM</subfield>
  </datafield>
  <datafield tag="999" ind1=" " ind2=" ">
    <subfield code="c">8170</subfield>
    <subfield code="d">8170</subfield>
  </datafield>
  <datafield tag="952" ind1=" " ind2=" ">
    <subfield code="0">0</subfield>
    <subfield code="1">0</subfield>
    <subfield code="2">ddc</subfield>
    <subfield code="4">0</subfield>
    <subfield code="6">VEM_PAK_2015_000000000000000_B481_OR_1</subfield>
    <subfield code="7">0</subfield>
    <subfield code="9">46703</subfield>
    <subfield code="a">LBB</subfield>
    <subfield code="b">LBB</subfield>
    <subfield code="c">B481</subfield>
    <subfield code="d">2016-06-29</subfield>
    <subfield code="o">VEM PAK 2015 B481 Or.1</subfield>
    <subfield code="p">RUA053558</subfield>
    <subfield code="r">2016-06-29</subfield>
    <subfield code="w">2016-06-29</subfield>
    <subfield code="y">VEM</subfield>
  </datafield>
  <datafield tag="952" ind1=" " ind2=" ">
    <subfield code="0">0</subfield>
    <subfield code="1">0</subfield>
    <subfield code="2">ddc</subfield>
    <subfield code="4">0</subfield>
    <subfield code="6">VEM_PAK_2015_000000000000000_B481_OR_2</subfield>
    <subfield code="7">0</subfield>
    <subfield code="9">46704</subfield>
    <subfield code="a">LBB</subfield>
    <subfield code="b">LBB</subfield>
    <subfield code="c">B481</subfield>
    <subfield code="d">2016-06-29</subfield>
    <subfield code="o">VEM PAK 2015 B481 Or.2</subfield>
    <subfield code="p">RUA052291</subfield>
    <subfield code="r">2016-06-29</subfield>
    <subfield code="w">2016-06-29</subfield>
    <subfield code="y">VEM</subfield>
  </datafield>
  <datafield tag="952" ind1=" " ind2=" ">
    <subfield code="0">0</subfield>
    <subfield code="1">0</subfield>
    <subfield code="2">ddc</subfield>
    <subfield code="4">0</subfield>
    <subfield code="6">VEM_PAK_2015_000000000000000_B481_OR_3</subfield>
    <subfield code="7">0</subfield>
    <subfield code="9">46705</subfield>
    <subfield code="a">LBB</subfield>
    <subfield code="b">LBB</subfield>
    <subfield code="c">B481</subfield>
    <subfield code="d">2016-06-29</subfield>
    <subfield code="o">VEM PAK 2015 B481 Or.3</subfield>
    <subfield code="p">RUA059024</subfield>
    <subfield code="r">2016-06-29</subfield>
    <subfield code="w">2016-06-29</subfield>
    <subfield code="y">VEM</subfield>
  </datafield>
  <datafield tag="952" ind1=" " ind2=" ">
    <subfield code="0">0</subfield>
    <subfield code="1">0</subfield>
    <subfield code="2">ddc</subfield>
    <subfield code="4">0</subfield>
    <subfield code="6">VEM_PAK_2015_000000000000000_B481_OR_4</subfield>
    <subfield code="7">0</subfield>
    <subfield code="9">46706</subfield>
    <subfield code="a">LBB</subfield>
    <subfield code="b">LBB</subfield>
    <subfield code="c">B481</subfield>
    <subfield code="d">2016-06-29</subfield>
    <subfield code="o">VEM PAK 2015 B481 Or.4</subfield>
    <subfield code="p">RUA053461</subfield>
    <subfield code="r">2016-06-29</subfield>
    <subfield code="w">2016-06-29</subfield>
    <subfield code="y">VEM</subfield>
  </datafield>
  <datafield tag="952" ind1=" " ind2=" ">
    <subfield code="0">0</subfield>
    <subfield code="1">0</subfield>
    <subfield code="2">ddc</subfield>
    <subfield code="4">0</subfield>
    <subfield code="6">VEM_PAK_2015_000000000000000_B481_OR_5</subfield>
    <subfield code="7">0</subfield>
    <subfield code="9">46707</subfield>
    <subfield code="a">LBB</subfield>
    <subfield code="b">LBB</subfield>
    <subfield code="c">B481</subfield>
    <subfield code="d">2016-06-29</subfield>
    <subfield code="o">VEM PAK 2015 B481 Or.5</subfield>
    <subfield code="p">RUA053684</subfield>
    <subfield code="r">2016-06-29</subfield>
    <subfield code="w">2016-06-29</subfield>
    <subfield code="y">VEM</subfield>
  </datafield>
  <datafield tag="952" ind1=" " ind2=" ">
    <subfield code="0">0</subfield>
    <subfield code="1">0</subfield>
    <subfield code="2">ddc</subfield>
    <subfield code="4">0</subfield>
    <subfield code="6">VEM_PAK_2015_000000000000000_B481_OR_6</subfield>
    <subfield code="7">0</subfield>
    <subfield code="9">46708</subfield>
    <subfield code="a">LBB</subfield>
    <subfield code="b">LBB</subfield>
    <subfield code="c">B481</subfield>
    <subfield code="d">2016-06-29</subfield>
    <subfield code="o">VEM PAK 2015 B481 Or.6</subfield>
    <subfield code="p">RUA053731</subfield>
    <subfield code="r">2016-06-29</subfield>
    <subfield code="w">2016-06-29</subfield>
    <subfield code="y">VEM</subfield>
  </datafield>
  <datafield tag="952" ind1=" " ind2=" ">
    <subfield code="0">0</subfield>
    <subfield code="1">0</subfield>
    <subfield code="2">ddc</subfield>
    <subfield code="4">0</subfield>
    <subfield code="6">VEM_PAK_2015_000000000000000_B481_OR_7</subfield>
    <subfield code="7">0</subfield>
    <subfield code="9">46709</subfield>
    <subfield code="a">LBB</subfield>
    <subfield code="b">LBB</subfield>
    <subfield code="c">B481</subfield>
    <subfield code="d">2016-06-29</subfield>
    <subfield code="o">VEM PAK 2015 B481 Or.7</subfield>
    <subfield code="p">RUA053279</subfield>
    <subfield code="r">2016-06-29</subfield>
    <subfield code="w">2016-06-29</subfield>
    <subfield code="y">VEM</subfield>
  </datafield>
  <datafield tag="952" ind1=" " ind2=" ">
    <subfield code="0">0</subfield>
    <subfield code="1">0</subfield>
    <subfield code="4">0</subfield>
    <subfield code="6">VEM_PAK_2015_000000000000000_B690_OR_1</subfield>
    <subfield code="7">0</subfield>
    <subfield code="9">87245</subfield>
    <subfield code="a">LBB</subfield>
    <subfield code="b">LBB</subfield>
    <subfield code="c">B690</subfield>
    <subfield code="d">2021-10-20</subfield>
    <subfield code="o">VEM PAK 2015 B690 Or.1</subfield>
    <subfield code="p">A065932</subfield>
    <subfield code="r">2021-10-20</subfield>
    <subfield code="y">VEM</subfield>
  </datafield>
  <datafield tag="952" ind1=" " ind2=" ">
    <subfield code="0">0</subfield>
    <subfield code="1">0</subfield>
    <subfield code="4">0</subfield>
    <subfield code="6">VEM_PAK_2015_000000000000000_B690_OR_1</subfield>
    <subfield code="7">0</subfield>
    <subfield code="9">87246</subfield>
    <subfield code="a">LBB</subfield>
    <subfield code="b">LBB</subfield>
    <subfield code="c">B690</subfield>
    <subfield code="d">2021-10-20</subfield>
    <subfield code="o">VEM PAK 2015 B690 Or.1</subfield>
    <subfield code="p">A067706</subfield>
    <subfield code="r">2021-10-20</subfield>
    <subfield code="y">VEM</subfield>
  </datafield>
  <datafield tag="952" ind1=" " ind2=" ">
    <subfield code="0">0</subfield>
    <subfield code="1">0</subfield>
    <subfield code="4">0</subfield>
    <subfield code="6">VEM_PAK_2015_000000000000000_B690_OR_1</subfield>
    <subfield code="7">0</subfield>
    <subfield code="9">87327</subfield>
    <subfield code="a">LBB</subfield>
    <subfield code="b">LBB</subfield>
    <subfield code="c">B690</subfield>
    <subfield code="d">2021-11-10</subfield>
    <subfield code="o">VEM PAK 2015 B690 Or.1</subfield>
    <subfield code="p">a065813</subfield>
    <subfield code="r">2021-11-10</subfield>
    <subfield code="w">2021-11-10</subfield>
    <subfield code="y">VEM</subfield>
  </datafield>
</record>
